Determinants of Pakistan Foreign Policy (Record no. 6862)

MARC details
000 -LEADER
fixed length control field 00555nam a2200229 a 4500
020 ## - INTERNATIONAL STANDARD BOOK NUMBER
ISBN
082 00 - DEWEY DECIMAL CLASSIFICATION NUMBER
Classification number 954.91
Author Cutter BIN
100 ## - MAIN ENTRY--AUTHOR NAME
Author name Bindra, S S
245 ## - TITLE STATEMENT
Title Determinants of Pakistan Foreign Policy
260 ## - PUBLICATION, DISTRIBUTION, ETC. (IMPRINT)
Place of publication New Delhi
Name of publisher Deep & Deep Publications
Year of publication 1988
300 ## - PHYSICAL DESCRIPTION
Number of Pages 372p
500 ## - GENERAL NOTE
General note includes index and biblioraphy
505 2# - FORMATTED CONTENTS NOTE
Formatted contents note index
942 ## - ADDED ENTRY ELEMENTS (KOHA)
Koha item type Books
700 1# -
-- Bindra, S S
Holdings
Collection code Home library Current library Date acquired Cost, normal purchase price Full call number Accession Number Koha item type
  Henry Martyn Institute Library Henry Martyn Institute Library 05/24/2005 250.00 954.91 BIN 013132 Books
                   Copyright © 2026 | Henry Martyn Institute | Hyderabad | TS-500052 | INDIA | Implemented by hmi.edu.in
Hit-Count:

Powered by Koha